Top 10 Best NBA Players Right Now (2021) - Statistics

General Stats
  • This quiz has been taken 127 times
  • The average score is 7 of 10
Answer Stats
Ranking Players % Correct
2 LeBron James
99%
4 Stephen Curry
92%
1 Kevin Durant
86%
5 Giannis Antetokounmpo
78%
7 Nikola Jokic
78%
6 James Harden
72%
10 Luka Doncic
67%
9 Joel Embiid
65%
3 Kawhi Leonard
56%
8 Damian Lillard
51%
No matching quizzes found
Score Distribution
Percent of People with Each Score
Percentile by Number Answered
Your Score History
You have not taken this quiz